Participación ciudadana y polítcas sociales del ámbito local /
Guardado en:
| Hovedforfatter: | |
|---|---|
| Autores Corporativos: | , |
| Andre forfattere: | |
| Format: | Texto |
| Udgivet: |
México, D.F.:
UNAM. INDESOL. COMERCSO
|
| Fag: | |
| Tags: |
Tilføj Tag
Ingen Tags, Vær først til at tagge denne postø!
|
MARC
| LEADER | 00000 a a2200000 04500 | ||
|---|---|---|---|
| 001 | 30312 | ||
| 003 | |||
| 040 | |||
| 020 | |a 970-32-1811-3 | ||
| 090 | |a 194602 | ||
| 100 | |a Ziccardi, Alicia | ||
| 110 | |a Universidad Autónoma de México. Instituto de Investigaciones Sociales | ||
| 245 | |a Participación ciudadana y polítcas sociales del ámbito local / |c Universidad Autónoma de México. Instituto de Investigaciones Sociales | ||
| 260 | |a México, D.F.: |b UNAM. INDESOL. COMERCSO | ||
| 300 | |a 462 p | ||
| 650 | |a TEORIA POLITICA | ||
| 650 | |a DEMOCRACIA | ||
| 650 | |a CIUDADANIA | ||
| 650 | |a PARTICIPACION POLITICA | ||
| 650 | |a DERECHOS CIVILES | ||
| 700 | |a coord. | ||
| 710 | |a Consejo Mexicano de Ciencias Sociales |a Instituto Nacional de Desarrollo Social | ||
| 999 | |c 11987 |d 11987 | ||



